<?xml version="1.0" encoding="UTF-8"?>
<record
    xmlns:xsi="http://www.w3.org/2001/XMLSchema-instance"
    xsi:schemaLocation="http://www.loc.gov/MARC21/slim http://www.loc.gov/standards/marcxml/schema/MARC21slim.xsd"
    xmlns="http://www.loc.gov/MARC21/slim">

  <leader>01852nam a2200337 a 4500</leader>
  <controlfield tag="001">000008722</controlfield>
  <controlfield tag="003">OCoLC</controlfield>
  <controlfield tag="005">20240520133504.0</controlfield>
  <controlfield tag="008">090907s1987    ve            001 0 spa d</controlfield>
  <datafield tag="020" ind1=" " ind2=" ">
    <subfield code="a">9802760439</subfield>
  </datafield>
  <datafield tag="020" ind1=" " ind2=" ">
    <subfield code="a">9789802760435</subfield>
  </datafield>
  <datafield tag="035" ind1=" " ind2=" ">
    <subfield code="a">(OCoLC)435999708</subfield>
  </datafield>
  <datafield tag="040" ind1=" " ind2=" ">
    <subfield code="a">DO-SdBNP</subfield>
    <subfield code="b">spa</subfield>
    <subfield code="c">BNPHU</subfield>
  </datafield>
  <datafield tag="082" ind1=" " ind2=" ">
    <subfield code="a">335.12</subfield>
    <subfield code="b">U91s, 1987</subfield>
  </datafield>
  <datafield tag="245" ind1="0" ind2="0">
    <subfield code="a">Utopismo socialista (1830-1893) /</subfield>
    <subfield code="c">pr&#xF3;logo, selecci&#xF3;n, notas y cronolog&#xED;a Carlos M. Rama.</subfield>
  </datafield>
  <datafield tag="250" ind1=" " ind2=" ">
    <subfield code="a">2a ed.</subfield>
  </datafield>
  <datafield tag="260" ind1=" " ind2=" ">
    <subfield code="a">Caracas :</subfield>
    <subfield code="b">Biblioteca Ayacucho,</subfield>
    <subfield code="c">1987.</subfield>
  </datafield>
  <datafield tag="300" ind1=" " ind2=" ">
    <subfield code="a">277 p. ;</subfield>
    <subfield code="c">24 cm.</subfield>
  </datafield>
  <datafield tag="490" ind1="1" ind2=" ">
    <subfield code="a">Biblioteca Ayacucho</subfield>
    <subfield code="v">26</subfield>
  </datafield>
  <datafield tag="500" ind1=" " ind2=" ">
    <subfield code="a">Incluye cronolog&#xED;a</subfield>
  </datafield>
  <datafield tag="504" ind1=" " ind2=" ">
    <subfield code="a">Incluye referencias bibliogr&#xE1;ficas y notas al pie de las p&#xE1;ginas</subfield>
  </datafield>
  <datafield tag="505" ind1="0" ind2=" ">
    <subfield code="a">El utopismo socialista en Am&#xE9;rica Latina / Carlos M. Rama -- Criterio de esta edici&#xF3;n -- Utopismo latinoamericano / Flora Trist&#xE1;n -- Peregrinaciones de una paria / Esteban Echeverr&#xED;a -- El dogma socialista / Domingo Faustino Sarmiento -- El fourierismo seg&#xFA;n Tandonnet / Santiago Arcos Arlegui -- Carta a Francisco Bilbao / Jos&#xE9; Ignacio Abreu e Lima -- El socialismo -- Proyectos ut&#xF3;picos en Am&#xE9;rica Latina / Robert Owen --- Petici&#xF3;n a la Rep&#xFA;blica de M&#xE9;xico / Plotino C. Rhodakanaty --- Cartilla socialista / V&#xED;ctor Consid&#xE9;rant -- Cartas al mariscal Bazaine / Albert Kinsey Owen --- El sue&#xF1;o de una ciudad ideal / Giovanni Rossi -- Cecilia: una comuna socialista -- Un episodio de amor en la colonia socialista Cecilia -- Cronolog&#xED;a.</subfield>
  </datafield>
  <datafield tag="650" ind1=" " ind2="4">
    <subfield code="a">Socialismo en am&#xE9;rica latina</subfield>
    <subfield code="9">23224</subfield>
  </datafield>
  <datafield tag="650" ind1=" " ind2="4">
    <subfield code="a">Utop&#xED;as</subfield>
    <subfield code="x">Historia</subfield>
    <subfield code="9">23225</subfield>
  </datafield>
  <datafield tag="650" ind1=" " ind2="0">
    <subfield code="a">Movimientos sociales</subfield>
    <subfield code="9">23226</subfield>
  </datafield>
  <datafield tag="700" ind1="1" ind2=" ">
    <subfield code="a">Rama, Carlos M.,</subfield>
    <subfield code="d">1921- 1982,</subfield>
    <subfield code="e">pr&#xF3;l.</subfield>
    <subfield code="9">23227</subfield>
  </datafield>
  <datafield tag="830" ind1=" " ind2="0">
    <subfield code="a">Biblioteca Ayacucho</subfield>
    <subfield code="n">26</subfield>
    <subfield code="9">23228</subfield>
  </datafield>
  <datafield tag="910" ind1=" " ind2=" ">
    <subfield code="a">Validado. Control de calidad BNPHU</subfield>
  </datafield>
  <datafield tag="952" ind1=" " ind2=" ">
    <subfield code="0">0</subfield>
    <subfield code="1">0</subfield>
    <subfield code="5">2</subfield>
    <subfield code="7">0</subfield>
    <subfield code="8">MO</subfield>
    <subfield code="a">GR</subfield>
    <subfield code="b">GR</subfield>
    <subfield code="c">CT</subfield>
    <subfield code="d">2009-09-18</subfield>
    <subfield code="i">LF1</subfield>
    <subfield code="l">0</subfield>
    <subfield code="o">335.12 U91s, 1987</subfield>
    <subfield code="p">8722-10</subfield>
    <subfield code="r">2020-06-25</subfield>
    <subfield code="w">2020-06-25</subfield>
    <subfield code="y">2</subfield>
    <subfield code="Z">Pr&#xE9;stamo interno</subfield>
  </datafield>
  <datafield tag="994" ind1=" " ind2=" ">
    <subfield code="a">C0</subfield>
    <subfield code="b">BNPHU</subfield>
  </datafield>
  <datafield tag="999" ind1="9" ind2="9">
    <subfield code="a">1 </subfield>
    <subfield code="n">0000140</subfield>
    <subfield code="c">8492</subfield>
    <subfield code="d">8492</subfield>
  </datafield>
  <datafield tag="049" ind1=" " ind2=" ">
    <subfield code="a">BNPD</subfield>
    <subfield code="c">1 [005080]</subfield>
  </datafield>
</record>
